Systémy víceúrovňové bezpečnosti - MLS sborník příspěvků z bezpečnostního semináře Policejní akademie a evropského vedení AFCEA konaného dne 21. června 2011 na Policejní akademii České republiky v Praze /

Other Authors: Systémy víceúrovňové bezpečnosti - MLS (2011 : Praha, Česko), Kný, Milan, 1941-
Language: Czech
Published: Praha : Policejní akademie, 2011
Edition: Vyd. 1.
Physical Description: 1 CD-ROM
Book
Saved in:
LEADER 01554nam a2200373 a 4500
001 001168982
003 CZ BrMZK
005 20111108133148.0
006 m||||||||d||||||||
007 co^cg
008 110916s2011 xr e 10| 0 cze
015 |a cnb002221159 
020 |a 978-80-7251-352-9  |q (CDR) 
040 |a BOA001  |b cze 
072 7 |a 004  |x Počítačová věda. Výpočetní technika. Informační technologie  |2 Konspekt  |9 23 
080 |a 004.056  |2 MRF 
080 |a (062.534)  |2 MRF 
080 |a (0.034.44)  |2 MRF 
111 2 |a Systémy víceúrovňové bezpečnosti - MLS (2011 : Praha, Česko) 
245 1 0 |a Systémy víceúrovňové bezpečnosti - MLS  |h [elektronický zdroj] :  |b sborník příspěvků z bezpečnostního semináře Policejní akademie a evropského vedení AFCEA konaného dne 21. června 2011 na Policejní akademii České republiky v Praze /  |c Milan Kný za kolektiv 
250 |a Vyd. 1. 
260 |a Praha :  |b Policejní akademie,  |c 2011 
300 |a 1 CD-ROM 
500 |a Název z disku 
538 |a Požadavky na systém: internetový prohlížeč 
650 0 7 |a počítačová bezpečnost  |7 ph165952  |2 czenas 
653 0 |a víceúrovňová bezpečnost 
655 7 |a sborníky konferencí  |7 fd133333  |2 czenas 
655 7 |a CD-ROM  |7 fd133955  |2 czenas 
700 1 |a Kný, Milan,  |d 1941-  |7 ola2004228811  |4 edt 
910 2 |a BOA001  |b CDR-1271.940 
990 |a BK 
991 |b 201111  |c NOV  |g g  |e n 
996 3 |b 2610488322  |c CDR-1271.940  |l Stud. periodik/2.patro  |r Sklad / do 1 hodiny  |n 0  |p p.v.  |w 001202628  |u 000010  |a 1  |e BOA001  |j MZK50  |s N